| 000 | 00824cam a2200217 a 4500 | ||
|---|---|---|---|
| 001 | 000019760 | ||
| 005 | 20200929170129.0 | ||
| 008 | 100705s1973 sp r 000 0 spa | ||
| 020 | _a8485321081 | ||
| 040 |
_aDO-SdBNP _bspa _cBNPHU |
||
| 082 |
_axxxx _bG433a |
||
| 100 | 1 |
_aGianini Belotti, Elena _942218 |
|
| 245 | 1 | 0 |
_aA favor de las niñas : _bla influencia de los condicionamientos sociales en la formación del rol femenino, en los primeros años de vida / _cElena Gianini Belotti ; traducción Giovanna Machado. |
| 260 |
_aBarcelona, España : _bMonte Avila, _c1973. |
||
| 300 |
_a213 p. ; _c18 cm. |
||
| 490 | 1 | _aEstudios | |
| 504 | _aIncluye referencias bibliográficas y notas al pie de las páginas. | ||
| 590 | _aInventariado, 2019/BT | ||
| 700 | 1 |
_aMachado, Giovanna, _etr. _942219 |
|
| 830 | 0 |
_aEstudios _93854 |
|
| 999 |
_c19274 _d19274 |
||